Loading...
Important Indian Medicinal Plants of Global Interest
| Main Author: | |
|---|---|
| Format: | Printed Book |
| Subjects: | |
| Online Access: | http://10.26.1.76/ks/003605.doc |
| LEADER | 003630000a22001090004500 | ||
|---|---|---|---|
| 100 | |a P. Pushpangadan | ||
| 245 | |a Important Indian Medicinal Plants of Global Interest | ||
| 650 | |a AYURVEDA INDIAN SYSTEM OF MEDICINE | ||
| 856 | |u http://10.26.1.76/ks/003605.doc | ||
| 942 | |c KS | ||
| 999 | |c 72993 |d 72993 | ||
| 952 | |0 0 |1 0 |4 0 |7 0 |9 64957 |a MGUL |b MGUL |d 2015-08-01 |l 0 |r 2015-08-01 |w 2015-08-01 |y KS | ||